000 00927nam a22002417a 4500
003 OSt
005 20260129104910.0
008 121206t2004 xxu||||| |||| 00| 0 eng d
020 _a9781902889115
020 _a 1902889118
040 _c0
082 _a720.922
245 1 0 _aTaveira sports architecture
_cintroduction by Mel Gooding .Essay by Edwin Heathcote & Maggie Toy.
260 _aLondon :
_bArtmedia,
_c2004.
300 _a144 p. :
_bill. (chiefly col.) ;
_c30 cm.
520 _aThis title contains 11 projects of the architect's work in the sphere of sport. A number of the stadia have been built especially for the European Football Championships in 2004.
650 _aSports facilities
_zPortugal
_9132963
700 1 _aToy, Maggie.
_9132964
700 1 _aGooding, Mel.
_9132965
700 1 _aTaveira, Tomás .
_9132966
942 _2ddc
_cBK
999 _c353584
_d353584